Statystyki dla Wszystkie miasta województwa Opolskiego

Kliknij tutaj aby rozwiązać quiz!

Ogólne statystyki

  • Ten quiz został rozwiązany 43 razy
  • Średni wynik to 22 z 36

Statystyki odpowiedzi

PowiatMiasto% Poprawnych
2Kędzierzyńsko
-Kozielski
Kędzierzyn
Koźle
100%
5KluczborskiKluczbork
97%
1Opole (m.n.p.p.)Opole
97%
3NyskiNysa
94%
4BrzeskiBrzeg
91%
9KrapkowickiKrapkowice
91%
8NamysłowskiNamysłów
91%
6PrudnickiPrudnik
91%
7StrzeleckiStrzelce
Opolskie
91%
13OleskiOlesno
88%
11GłubczyckiGłubczyce
85%
19KrapkowickiGogolin
71%
12KrapkowickiZdzieszowice
59%
10NyskiGłuchołazy
56%
24BrzeskiLewin Brzeski
56%
21OpolskiNiemodlin
56%
17NyskiPaczków
56%
20NyskiOtmuchów
53%
22GłubczyckiKietrz
50%
29StrzeleckiKolonowskie
50%
36StrzeleckiUjazd
50%
16OleskiPraszka
47%
31OpolskiPrószków
47%
34PrudnickiBiała
44%
28KluczborskiByczyna
44%
35NyskiKorfantów
44%
32StrzeleckiLeśnica
44%
14OpolskiOzimek
44%
18StrzeleckiZawadzkie
44%
30GłubczyckiBaborów
38%
27OleskiDobrodzień
38%
25PrudnickiGłogówek
38%
33OleskiGorzów
Śląski
38%
15BrzeskiGrodków
38%
23KluczborskiWołczyn
35%
26OpolskiTułowice
26%

Rozkład punktacji

Percentyl według liczby udzielonych odpowiedzi

Procent ludzi z każdym wynikiem

Twoja historia wyników

Nie rozwiązałeś tego quizu